书目信息 |
| 题名: |
电网设备金属监督工作手册
|
|
| 作者: | 徐玲玲 主编 | |
| 分册: | ||
| 出版信息: | 北京 中国电力出版社 2019 |
|
| 页数: | 129页 | |
| 开本: | 26cm | |
| 丛书名: | ||
| 单 册: | ||
| 中图分类: | TM241-62 | |
| 科图分类: | ||
| 主题词: | 电网--dian wang--电力设备--金属材料--质量监督--工作--手册 | |
| 电子资源: | ||
| ISBN: | 978-7-5198-2811-0 | |
| 000 | 00891nam0 2200253 450 | |
| 001 | 012001003042 | |
| 005 | 20140126150852.0 | |
| 010 | @a978-7-5198-2811-0@dCNY52.00 | |
| 099 | @aCAL 012019109640 | |
| 100 | @a20190910d2019 em y0chiy50 ea | |
| 101 | 0 | @achi |
| 102 | @aCN@b110000 | |
| 105 | @aa z 000yy | |
| 106 | @ar | |
| 200 | 1 | @a电网设备金属监督工作手册@Adian wang she bei jin shu jian du gong zuo shou ce@f国家电网有限公司设备管理部组编 |
| 210 | @a北京@c中国电力出版社@d2019 | |
| 215 | @a129页@c图@d26cm | |
| 314 | @a主编:徐玲玲 | |
| 330 | @a本书主要内容包括:电网设备金属监督常用检测技术、理化检测工作手册、无损检测工作手册。并附有附录试验报告参考模板。 | |
| 606 | 0 | @a电网@Adian wang@x电力设备@x金属材料@x质量监督@x工作@j手册 |
| 690 | @aTM241-62@v5 | |
| 701 | 0 | @a徐玲玲@Axu ling ling@4主编 |
| 801 | 0 | @aCN@b北京卓展@c20191020 |
| 905 | @b1210188-90@dTM241-62@e29@f3 | |
| 电网设备金属监督工作手册/国家电网有限公司设备管理部组编.-北京:中国电力出版社,2019 |
| 129页:图;26cm |
| ISBN 978-7-5198-2811-0:CNY52.00 |
| 本书主要内容包括:电网设备金属监督常用检测技术、理化检测工作手册、无损检测工作手册。并附有附录试验报告参考模板。 |
| ● |
| 相关链接 |
|
|
|
|
正题名:电网设备金属监督工作手册
索取号:TM241-62/29
 
预约/预借
| 序号 | 登录号 | 条形码 | 馆藏地/架位号 | 状态 | 备注 |
| 1 | 1210188 | 212101884 | 第二样本阅览室/ [索取号:TM241-62/29] | 在馆 | |
| 2 | 1210189 | 212101893 | 第三借阅区/ [索取号:TM241-62/29] | 在馆 | |
| 3 | 1210190 | 212101900 | 第三借阅区/ [索取号:TM241-62/29] | 在馆 |